| 000 -LEADER |
| fixed length control field |
00992cam a2200277 a 4500 |
| 020 ## - INTERNATIONAL STANDARD BOOK NUMBER |
| ISBN |
9789251061961 (pbk.) |
| 020 ## - INTERNATIONAL STANDARD BOOK NUMBER |
| ISBN |
9251061963 (pbk.) |
| 040 ## - CATALOGING SOURCE |
| Transcribing agency |
AU@ |
| 082 ## - DEWEY DECIMAL CLASSIFICATION NUMBER |
| Classification number |
363 UNI 2009 A079 Or. |
| 100 1# - MAIN ENTRY--AUTHOR NAME |
| Personal name |
Macfadyen, G. |
| 245 10 - TITLE STATEMENT |
| Title |
Abandoned, lost or otherwise discarded fishing gear / |
| 260 ## - PUBLICATION, DISTRIBUTION, ETC. (IMPRINT) |
| Place of publication |
Rome : |
| Name of publisher |
United Nations Environment Programme : |
| -- |
Food and Agriculture Organization of the United Nations, |
| Year of publication |
2009. |
| 300 ## - PHYSICAL DESCRIPTION |
| Number of Pages |
xix, 115 p. : |
| Other physical details |
ill. (some col.), col. map ; |
| Dimensions |
30 cm. |
| 490 1# - SERIES STATEMENT |
| Series statement |
FAO fisheries and aquaculture technical paper, |
| 490 1# - SERIES STATEMENT |
| Series statement |
UNEP regional seas reports and studies ; |
| 650 #0 - SUBJECT ADDED ENTRY--TOPICAL TERM |
| Topical Term |
Marine debris |
| 650 #0 - SUBJECT ADDED ENTRY--TOPICAL TERM |
| Topical Term |
Marine debris |
| 650 #0 - SUBJECT ADDED ENTRY--TOPICAL TERM |
| Topical Term |
Marine debris |
| 650 #0 - SUBJECT ADDED ENTRY--TOPICAL TERM |
| Topical Term |
Fisheries |
| 700 1# - ADDED ENTRY--PERSONAL NAME |
| Personal name |
Huntington, Tim, |
| 700 1# - ADDED ENTRY--PERSONAL NAME |
| Personal name |
Cappell, Rod. |
| 710 2# - ADDED ENTRY--CORPORATE NAME |
| Corporate name or jurisdiction name as entry element |
Food and Agriculture Organization of the United Nations. |
| 710 2# - ADDED ENTRY--CORPORATE NAME |
| Corporate name or jurisdiction name as entry element |
United Nations Environment Programme. |
| 856 10 - ELECTRONIC LOCATION AND ACCESS |
| Uniform Resource Identifier |
ftp://ftp.fao.org/docrep/fao/011/i0620e/i0620e.pdf |
| 942 ## - ADDED ENTRY ELEMENTS (KOHA) |
| Koha item type |
សៀវភៅភាសាអង់គ្លេស |
| 952 ## - LOCATION AND ITEM INFORMATION (KOHA) |
| Withdrawn status [LOCAL, KOHA] |
0 |